LEADER 01677oam 2200481Ka 450 001 9910698996603321 005 20090610094640.0 035 $a(CKB)5470000002397905 035 $a(OCoLC)383689826 035 $a(EXLCZ)995470000002397905 100 $a20090610d1989 ua 0 101 0 $aeng 181 $ctxt$2rdacontent 182 $cc$2rdamedia 183 $acr$2rdacarrier 200 10$aAnalytic theory for the determination of velocity and stability of bubbles in a Hele-Shaw cell$hPart II$iStability$b[electronic resource] /$fSaleh Tanveer 210 1$aHampton, Va. :$cInstitute for Computer Applications in Science and Engineering, NASA Langley Research Center,$d[1989] 215 $a1 volume 225 1 $aICASE report ;$vno. 89-29 225 1 $aNASA contractor report ;$v181837 300 $aTitle from title screen (viewed June 9, 2009) 606 $aBubbles$2nasat 606 $aFlow stability$2nasat 606 $aFlow velocity$2nasat 606 $aInterfacial tension$2nasat 606 $aKinematics$2nasat 606 $aMathematical models$2nasat 615 7$aBubbles. 615 7$aFlow stability. 615 7$aFlow velocity. 615 7$aInterfacial tension. 615 7$aKinematics. 615 7$aMathematical models. 700 $aTanveer$b Saleh$01389266 712 02$aInstitute for Computer Applications in Science and Engineering. 712 02$aLangley Research Center. 801 0$bGPO 801 1$bGPO 801 2$bGPO 906 $aBOOK 912 $a9910698996603321 996 $aAnalytic theory for the determination of velocity and stability of bubbles in a Hele-Shaw cell$93440558 997 $aUNINA LEADER 02015nam 2200493zu 450 001 9910376362803321 005 20210807005138.0 010 $a1-4503-2986-1 035 $a(CKB)3780000000085366 035 $a(SSID)ssj0001455804 035 $a(PQKBManifestationID)11790365 035 $a(PQKBTitleCode)TC0001455804 035 $a(PQKBWorkID)11407960 035 $a(PQKB)10954545 035 $a(WaSeSS)IndRDA00038077 035 $a(Association for Computing Machinery)10.1145/2633675 035 $a(EXLCZ)993780000000085366 100 $a20160829d2014 uy 101 0 $aeng 135 $aur||||||||||| 181 $ctxt 182 $cc 183 $acr 200 00$aMSCC '14 : proceedings of the first International Workshop on Mobile Sensing, Computing and Communication : August 11, 2014, Philadelphia, PA, USA 210 31$a[Place of publication not identified]$cACM$d2014 215 $a1 online resource (36 pages) 225 1 $aACM Conferences 300 $aBibliographic Level Mode of Issuance: Monograph 410 0$aACM Conferences 517 1 $aMobile Sensing, Computing and Communication '14 :$eproceedings of the first International Workshop on Mobile Sensing, Computing and Communication : August 11, 2014, Philadelphia, Pennsylvania, United States America 517 1 $aProceedings of the first International Workshop on Mobile Sensing, Computing and Communication 606 $aElectrical & Computer Engineering$2HILCC 606 $aEngineering & Applied Sciences$2HILCC 606 $aElectrical Engineering$2HILCC 615 7$aElectrical & Computer Engineering 615 7$aEngineering & Applied Sciences 615 7$aElectrical Engineering 700 $aGerla$b Mario$0855671 712 02$aACM SIGMOBILE 801 0$bPQKB 906 $aBOOK 912 $a9910376362803321 996 $aMSCC '14 : proceedings of the first International Workshop on Mobile Sensing, Computing and Communication : August 11, 2014, Philadelphia, PA, USA$92026174 997 $aUNINA